Land Or Religion? Sardar and Kherwar Movements in Bihar 1858-95 (Record no. 12553)

MARC details
000 -LEADER
fixed length control field 00659nam a2200253 a 4500
020 ## - INTERNATIONAL STANDARD BOOK NUMBER
ISBN
082 00 - DEWEY DECIMAL CLASSIFICATION NUMBER
Classification number 954.12
Author Cutter MAC
100 ## - MAIN ENTRY--AUTHOR NAME
Author name Mac Dougall, John
245 ## - TITLE STATEMENT
Title Land Or Religion? Sardar and Kherwar Movements in Bihar 1858-95
260 ## - PUBLICATION, DISTRIBUTION, ETC. (IMPRINT)
Place of publication Delhi
Name of publisher Manohar
Year of publication 1985
300 ## - PHYSICAL DESCRIPTION
Number of Pages 282p
500 ## - GENERAL NOTE
General note includes index and biblioraphy
505 2# - FORMATTED CONTENTS NOTE
Formatted contents note Index
650 ## - SUBJECT ADDED ENTRY--TOPICAL TERM
Topical Term India-Tribes-Bihar
650 ## - SUBJECT ADDED ENTRY--TOPICAL TERM
Topical Term Sardar & kherwar movement-bihar1858
942 ## - ADDED ENTRY ELEMENTS (KOHA)
Koha item type Books
700 1# -
-- Mac Dougall, John
Holdings
Collection code Home library Current library Date acquired Cost, normal purchase price Full call number Accession Number Koha item type
  Henry Martyn Institute Library Henry Martyn Institute Library 08/01/2007 200.00 954.12 MAC 015801 Books
                   Copyright © 2026 | Henry Martyn Institute | Hyderabad | TS-500052 | INDIA | Implemented by hmi.edu.in
Hit-Count:

Powered by Koha